01613nam a2200349 a 4500001001100000003000800011006001900019007001500038008004100053010001700094020002800111040002100139035002000160050002900180082001800209245014400227260004700371300001600418490007300434500010400507504006500611533015200676600007400828650007600902655002900978700001901007700002001026710001701046830006201063856012501125999001301250ebr5004432CaPaEBRm u cr cn|||||||||960313s1996 ctu sb 101 0 eng  z 96005801  z0313297762 (alk. paper) aCaPaEBRcCaPaEBR a(OCoLC)5067973014aPS3525.A1435bZ88 1996eb04a818/.520922000aTwenty-four ways of looking at Mary McCarthyh[electronic resource] :bthe writer and her work /cedited by Eve Stwertka and Margo Viscusi. aWestport, Conn. :bGreenwood Press,c1996. axii, 224 p.1 aContributions to the study of world literature,x0738-9345 ;vno. 70 aBased on papers originally presented at a conference on Mary McCarthy held at Bard College in 1993. aIncludes bibliographical references (p. 205-211) and index. aElectronic reproduction.bPalo Alto, Calif. :cebrary,d2013.nAvailable via World Wide Web.nAccess may be limited to ebrary affiliated libraries.10aMcCarthy, Mary,d1912-1989xCriticism and interpretationvCongresses. 0aWomen and literaturezUnited StatesxHistoryy20th centuryvCongresses. 7aElectronic books.2local1 aStwertka, Eve.1 aViscusi, Margo.2 aebrary, Inc. 0aContributions to the study of world literature ;vno. 70.40uhttp://site.ebrary.com/lib/rucke/Doc?id=5004432zAn electronic book accessible through the World Wide Web; click to view c771d771